| 000 | 00823am a2200301a 44500 | ||
|---|---|---|---|
| 003 | AR-BaBNM | ||
| 005 | 20251128211123.0 | ||
| 008 | 122120s1999 #AR|||||||||||000 | esp|| | ||
| 020 | _a950-23-0953-7 | ||
| 040 | _cAR-BaBNM | ||
| 100 | 1 | _aOrquera, Luis Abel | |
| 245 | 1 | 0 | _aLa vida material y social de los Yámana |
| 250 | _a1ª ed. | ||
| 260 |
_aBuenos Aires _bEudeba _c1999 |
||
| 300 |
_a567 p. _bmapas, láms., gráfs. |
||
| 504 | _aBibliografía para consultar p. 547-567 | ||
| 650 | 4 | _aABORIGENES ARGENTINOS | |
| 650 | 4 | _aETNOGRAFIA | |
| 650 | 4 | _aCOSTUMBRES Y TRADICIONES | |
| 650 | 4 | _aHISTORIA SOCIAL | |
| 650 | 4 | _aANTROPOLOGIA CULTURAL Y SOCIAL | |
| 650 | 4 | _aYAMANAS | |
| 650 | 4 | _aHISTORIA FUEGUINA | |
| 651 | 4 | _aArgentina | |
| 700 | 1 | _aPiana, Ernesto Luis | |
| 942 | _cBK | ||
| 998 | _cmariana | ||
| 999 |
_c18323 _d18323 |
||